| 000 | 00434nam a2200169Ia 4500 | ||
|---|---|---|---|
| 008 | 230524s9999 xx 000 0 und d | ||
| 020 | _a9788190694254 | ||
| 082 |
_a621.3 _bSHA |
||
| 100 |
_aSanjeev Sharma _943009 |
||
| 245 | 0 | _aBasics of Electrical Engineering | |
| 250 | _a1 | ||
| 260 |
_aNew Delhi _bI.K.International _c2016 |
||
| 300 | _a"XXVII,I.4p;" | ||
| 500 | _aQuantity Number: 1 | ||
| 650 | _aElectrical | ||
| 942 | _cBK | ||
| 999 |
_c57954 _d57954 |
||